| 000 | 01355cam a2200385 a 4500 | ||
|---|---|---|---|
| 001 | 2279 | ||
| 003 | FISKH | ||
| 005 | 20231114150655.0 | ||
| 008 | 100510s2010 nyua b 000 1 eng | ||
| 010 | _a 2010008264 | ||
| 020 | _a9780448454573 (pbk.) | ||
| 020 | _a0448454572 (pbk.) | ||
| 035 | _a(OCoLC)ocn535490704 | ||
| 040 |
_aDLC _cDLC _dIG# _dBTCTA _dLIQ _dUPZ _dDLC _beng |
||
| 050 | 0 | 0 |
_aPZ7.W51937 _bTrd 2010 |
| 082 | 0 | 0 |
_a303 _222 |
| 100 | 1 |
_aWest, Tracey, _d1965- |
|
| 245 | 1 | 0 |
_aTrapped in time / _cwritten by Tracey West ; Batman created by Bob Kane |
| 260 |
_aNew York : _bPenguin Books, _c2010. |
||
| 300 |
_a80 pages : _c20 cm |
||
| 490 | 0 |
_aBatman, the brave and the bold : pick your path ; _vBook 1 |
|
| 505 | _aK | ||
| 520 | _aThe reader's choices determine whether Batman and other DC Comics characters save the world or destroy it. | ||
| 521 | 8 |
_a510
_bLexile estimate |
|
| 521 | 8 |
_aK
_bRaz-Plus |
|
| 600 | 0 | 0 |
_aBatman _c(Fictitious character) _vJuvenile fiction. |
| 600 | 0 | 1 |
_aBatman _c(Fictitious character) _vFiction. |
| 650 | 0 |
_aHeroes _vJuvenile fiction. |
|
| 650 | 0 | _aPlot-your-own stories. | |
| 650 | 1 |
_aHeroes _vFiction. |
|
| 650 | 1 | _aPlot-your-own stories. | |
| 730 | 0 | _aBatman, the brave and the bold (Television program) | |
| 906 |
_a7 _bcbc _corignew _d1 _eecip _f20 _gy-gencatlg |
||
| 942 |
_2ddc _cBK _n0 |
||
| 999 |
_c2279 _d2279 |
||